A second edition of Camden's description of Scotland : containing a supplement of these peers, or Lords of Parliament, who were mentioned in the first edition, and an account of these since raised to, and further advanced in the degrees of peerage, until the year 1694.

Bibliographic Details
Main Author: Camden, William, 1551-1623
Other Authors: Dalrymple, James, Sir, fl. 1714
Format: eBook
Language:English
Published: Edinburgh : Printed by the heirs and successors of Andrew Anderson ..., 1695.
Series:Early English books online.
Subjects:
Online Access:Connect to the full text of this electronic book

MARC

Tag First Indicator Second Indicator Subfields
LEADER 00000nam a2200000Ia 4500
001 in00004266320
005 20200810073143.0
006 m g d
007 cr bn |||a|bb|
008 850710s1695 stk o 00| | eng d
035 |a (OCoLC)12248234 
040 |a EAA  |c EAA  |d m/c  |d EAA  |d WaOLN 
037 |a CL0037000018  |b ProQuest Information and Learning. 300 N. Zeeb Rd., Ann Arbor, MI 48106 
041 1 |a eng  |h lat 
043 |a e-uk-st 
049 |a UMIA 
100 1 |a Camden, William,  |d 1551-1623. 
240 1 0 |a Britannia.  |l English.  |k Selections 
245 1 2 |a A second edition of Camden's description of Scotland :  |b containing a supplement of these peers, or Lords of Parliament, who were mentioned in the first edition, and an account of these since raised to, and further advanced in the degrees of peerage, until the year 1694. 
260 |a Edinburgh :  |b Printed by the heirs and successors of Andrew Anderson ...,  |c 1695. 
300 |a 1 online resource ([8], 204, [19], 16 pages) 
336 |a text  |b txt  |2 rdacontent 
337 |a computer  |b c  |2 rdamedia 
338 |a online resource  |b cr  |2 rdacarrier 
500 |a From Camden's Britannia / edited by Sir James Dalrymple. 
500 |a Imperfect: last two groups of paging lacking in filmed copy. 
500 |a Reproduction of original in Bodleian Library. 
510 4 |a Wing  |c C376 
533 |a Electronic reproduction.  |b Ann Arbor, Mich. :  |c UMI,  |d 1999-  |f (Early English books online)  |n Digital version of: (Early English books, 1641-1700 ; 623:6)  |7 s1999 miun s 
651 0 |a Scotland  |x Description and travel. 
651 0 |a Scotland  |x Description and travel  |v Early works to 1800. 
651 0 |a Scotland  |x Peerage. 
700 1 |a Dalrymple, James,  |c Sir,  |d fl. 1714. 
740 0 |a Camden's description of Scotland. 
740 0 |a Description of Scotland. 
830 0 |a Early English books online. 
856 4 0 |u http://proxy.library.tamu.edu/login?url=https://search.proquest.com/docview/2248550863  |z Connect to the full text of this electronic book  |t 0 
999 f f |s 9cb6780f-c2f0-31e0-8cfe-5abee52d60e9  |i 39c09e8f-bf73-36c9-8b48-9e669344949a  |t 0 
952 f f |a Texas A&M University  |b College Station  |c Electronic Resources  |d Available Online  |t 0  |h No information provided 
998 f f |t 0  |l Available Online